00340nam a2200133Ia 4500008004100000041000800041082001300049100001800062245004500080250001400125260003100139300003100170365000500201240624s9999 xx 000 0 und d aeng a515 APO  aAPOSTOL TOM M aCALCULUS MULTIVARIABLE CALCULUS AND LINE a(2nd ed.) c2003aNew YorkbJohn Wiley axxi, , 673 , 26 : P. : cm. c